Countries with the Most Languages - Statistics

General Stats
  • This quiz has been taken 82 times
  • The average score is 24 of 36
Answer Stats
Languages Country % Correct
335 United States
95%
228 Brazil
92%
305 Mainland China
92%
453 India
91%
710 Indonesia
91%
159 Russia
91%
524 Nigeria
87%
214 Democratic Republic of the Congo
85%
292 Mexico
85%
195 Canada
80%
319 Australia
79%
840 Papua New Guinea
79%
85 Pakistan
77%
91 Ethiopia
69%
144 Malaysia
69%
85 United Kingdom
69%
89 Colombia
68%
84 Iran
65%
72 Kenya
65%
88 Thailand
65%
112 Vietnam
65%
94 Peru
64%
126 Tanzania
63%
126 Myanmar
61%
191 Philippines
61%
92 Laos
56%
131 Chad
53%
95 Germany
52%
76 Sudan
51%
83 Central African Republic
49%
275 Cameroon
44%
87 Ghana
43%
129 Nepal
33%
101 Ivory Coast
29%
72 Solomon Islands
24%
116 Vanuatu
13%
No matching quizzes found
Score Distribution
Percent of People with Each Score
Percentile by Number Answered
Your Score History
You have not taken this quiz